000 01543nam a2200205 4500
008 201207b ||||| |||| 00| 0 eng d
040 _bger
_cDE-2950
_erda
_aDE-2950
041 _ager
245 _aPunk-Barock in Brandenburg
264 _c2024
490 _aDie Mark Brandenburg
_vHeft 135: Punk-Barock in Brandenburg
500 _aDarin: Musikgeschichte in Brandenburg von Wolfgang Korr, S. 2; Mit Wacholder und Rumpelstolz zu Miri Mehrstimmig: Folks-Musik in Brandenburg von Marcel Piethe, S. 8; Gelehrter Spötter - Friedrich Wilhelm Marpurg von Irmgard Gellerich, S. 12; Die Brüder Graun in der Mark von Claudia Terne, S. 16; Ein "Piefke" für Preussens Gloria - der Militärmusiker und Komponist Johann Gottfried Piefke von Achim Hofer, S. 20; Steige hoch, du roter Adler - oder eine neue Hymne für Brandenburg? von Bernhard Barth, S. 24; Engelsstimmen und Walküren - Lotte Lehmann und Adele Stolte von Wolf Vogelsang, S. 28; Rudy Kansy - Im Chor mit Akkordeon und Mick Jagger von Heinrich Glöss, S. 32; Brandenburg-Blues - Mit Monokel und Keimzeit durch die DDR von Fabian Lehmann, S. 36; "Born in the G.D.R." - Das "Satisfaction" der Ostzone von Jörg Tudyka, S. 40; Düsterbusch City-Lights - Anarchie unter dem Dach der FDJ von Alexander Kühne, S. 44
653 _aBrandenburg <Land>
653 _aMusik
773 _dBerlin: Die Mark Brandenburg - Verlag für Regional- und Zeitgeschichte
_g(2024) Heft 135
_tDie Mark Brandenburg
942 _cA
999 _c373676
_d373676